Hindi Numbers - Statistics

General Stats
  • This quiz has been taken 14 times
  • The average score is 28 of 54
Answer Stats
Hint Answer % Correct
2
64%
पंद्रह Fifteen
64%
पचास Fifty
64%
चालीस Forty
64%
इकतालीस Forty one
64%
चौदह Fourteen
64%
आधा Half
64%
सौ Hundred
64%
लाख Hundred Thousand
64%
नौ सौ नौ Nine hundred nine
64%
उन्नीस Nineteen
64%
दस Ten
64%
तेरह Thirteen
64%
हज़ार Thousand
64%
बीस Twenty
64%
0
55%
3
55%
एक चौथाई A fourth
55%
एक तिहाई A third
55%
आठ Eight
55%
अठारह Eighteen
55%
अस्सी Eighty
55%
इक्यासी Eighty one
55%
ग्यारह Eleven
55%
चार Four
55%
अनंत ~Infinity
55%
नकारात्मक Negative -
55%
नब्बे Ninety
55%
तिरानबे Ninety three
55%
एक One
55%
सत्रह Seventeen
55%
सत्तर Seventy
55%
छह Six
55%
सड़सठ Sixty seven
55%
तीस Thirty
55%
बारह Twelve
55%
दो Two
55%
शून्य Zero
55%
अरब Billion
45%
पाँच Five
45%
नौ Nine
45%
सात Seven
45%
सोलह Sixteen
45%
साठ Sixty
45%
करोड़ Ten million
45%
तीन Three
45%
ख़रब Trillion
45%
5
36%
6
36%
9
36%
1
27%
4
27%
7
18%
8
9%
No matching quizzes found
Score Distribution
Percent of People with Each Score
Percentile by Number Answered
Your Score History
You have not taken this quiz